000 00633nam a2200205 a 4500
001 000002965
005 20240306115517.0
008 090706s2008 dr 001 0 spa d
020 _a9789945410419
040 _aDO-SdBNP
_bspa
_cBNPHU
082 _a027.4
_bH558b
100 1 _aHernández, Jesús
_95470
245 1 0 _aBiblioteca Antillense Salesiana (BAS) :
_brecorrido 2008 /
_cJesús Hernández.
260 _aSanto Domingo :
_bArgos,
_c2008.
300 _a109 p. ;
_c23 cm.
500 _aIncluye índice
610 2 0 _aBiblioteca Antillense Salesiana
_95466
650 4 _aBibliotecas
_zRepública Dominicana
_95467
049 _aBNPD
999 _c2797
_d2797